COMO TRANSFORMAR A LA GENTE EN PERSONAS POSITIVAS (Registro nro. 45662)
[ vista simple ]
| 000 -LEADER | |
|---|---|
| fixed length control field | 01092nam a2200217 a 4500 |
| 001 - CONTROL NUMBER | |
| control field | 45662 |
| 005 - DATE AND TIME OF LATEST TRANSACTION | |
| control field | 20230414123621.0 |
| 008 - FIXED-LENGTH DATA ELEMENTS--GENERAL INFORMATION | |
| fixed length control field | 140415s1984 mx 000 0 spa d |
| 020 ## - INTERNATIONAL STANDARD BOOK NUMBER | |
| International Standard Book Number | 968130537X |
| 041 ## - LANGUAGE CODE | |
| Language code of text/sound track or separate title | spa |
| 082 ## - DEWEY DECIMAL CLASSIFICATION NUMBER | |
| Classification number | 150 |
| Item number | LOS |
| 100 1# - MAIN ENTRY--PERSONAL NAME | |
| Personal name | LOSONCY, LEWIS |
| 245 10 - TITLE STATEMENT | |
| Title | COMO TRANSFORMAR A LA GENTE EN PERSONAS POSITIVAS |
| 250 ## - EDITION STATEMENT | |
| Edition statement | 1a ed. |
| 260 ## - PUBLICATION, DISTRIBUTION, ETC. | |
| Place of publication, distribution, etc. | MEXICO : |
| Name of publisher, distributor, etc. | DIANA, |
| Date of publication, distribution, etc. | 1984 |
| 300 ## - PHYSICAL DESCRIPTION | |
| Extent | 127 |
| Dimensions | 14.6 x 1.3 x 21.7 |
| 520 ## - SUMMARY, ETC. | |
| Summary, etc. | VIVIMOS EN UNA EPOCA LLENA DE ANSIEDAD, DE DEPRESION, DE SOLEDAD Y , ALGUNAS VECES, DE PRESION ABRUMADORA. ESTE LIBRO ESTUDIA LA FUERZA MAS IMPORTANTE QUE PUEDE CONTRARRESTAR ESTOS PROBLEMAS. ESA FUERZA ES USTED COMO PERSONA MOTIVADORA Y ALENTADORA. ESTE LIBRO LE PROPORCIONA UN MEDIO PARA COMPRENDER GRADUALMENTE Y PARA SABER CÓMO DESARROLLAR SU POTENCIAL COMO MOTIVADOR PARA AQUELLOS QUE LO RODEAN. LAS PERSIONAS QUE SON INFELICES, IMCUMPLIDAS, ANSIOSAS Y QUE SUFREN SENTIMIENTOS ALIEN |
| 650 14 - SUBJECT ADDED ENTRY--TOPICAL TERM | |
| Topical term or geographic name entry element | MOTIVACION (PSICOLOGIA) |
| 700 1# - ADDED ENTRY--PERSONAL NAME | |
| Personal name | TELLECHEA DE SALMERÓN, MA. TERESA |
| Relator term | tr. |
| 740 ## - ADDED ENTRY--UNCONTROLLED RELATED/ANALYTICAL TITLE | |
| Uncontrolled related/analytical title | TURNING PEOPLE ON HOW TO BE AN ENCOURAGING PERSON |
| Withdrawn status | Lost status | Source of classification or shelving scheme | Damaged status | Not for loan | Collection code | Home library | Current library | Shelving location | Date acquired | Source of acquisition | Inventory number | Total Checkouts | Full call number | Barcode | Date last seen | Date last checked out | Price effective from | Koha item type |
|---|---|---|---|---|---|---|---|---|---|---|---|---|---|---|---|---|---|---|
| Dewey Decimal Classification | General | Biblioteca Karol Wojtyla | Biblioteca Karol Wojtyla | Sala general | 03/12/2013 | Compra | 151000000000000000061198 | 4 | 150 LOS | 68564 | 05/01/2026 | 20/09/2023 | 03/12/2013 | Libro |